00265nam a2200121Ia 45000030006000000080041000060400015000471000018000622450028000802600006001085460012001140050017001260STCL150530s9999 xx 000 0 und d aSTCLcSTCL aHawthorne, M. aAmerican literary scene c0 aEnglish20220125171356.0